| 000 | 01308cam a2200337 a 4500 | ||
|---|---|---|---|
| 001 | 7151 | ||
| 003 | FISKH | ||
| 005 | 20250630100432.0 | ||
| 008 | 990730r19991996enka a 000 1 eng | ||
| 010 | _a 99231791 | ||
| 020 | _a1899607579 : | ||
| 040 |
_aUKM _cUKM _dDLC _beng |
||
| 050 | _aPZ7.E388 M | ||
| 082 | _a813 | ||
| 100 | 1 | _aElgar, Rebecca. | |
| 245 | 1 | 0 |
_aMunch! What are you eating? / _c[Rebecca Elgar]. |
| 260 |
_aLondon : _bBerry Blue Book, _c1996. |
||
| 300 |
_a12 unnumbered pages : _bcolor illustrations ; _c18 cm |
||
| 500 | _aWIth food on ribbons to put iin the slots | ||
| 505 | _aA | ||
| 520 | _aEveryone's hungry! What will they eat? It's up to you to feed kitty, baby bird, bunny, and a kid just like you! There's a blue bowl filled with delicious milk, a plump pink worm, a bright orange carrot, and a yummy chocolate cookie. Hint: the color-coded ribbons and food dishes attached to this sturdy board book make it easy to figure out who gets what! | ||
| 521 | 8 |
_a70
_bLexile estimate |
|
| 521 | 8 |
_aA
_bRaz-Plus |
|
| 650 | 0 |
_aToy and movable books _vSpecimens. |
|
| 650 | 1 |
_aFood _vFiction. |
|
| 650 | 1 |
_aAnimals _vFiction. |
|
| 650 | 1 | _aToy and movable books. | |
| 906 |
_a7 _bcbc _ccopycat _d2 _encip _f19 _gy-gencatlg |
||
| 942 |
_2ddc _cBK _n0 |
||
| 999 |
_c7151 _d7151 |
||